LEADER 01146nam a2200265 i 4500 001 000000338241 003 CaOOAMICUS 005 20191129100342.0 008 191129s2014 it u000 u ita u 013 $a164619 020 $a978-88-548-7234-9 040 $aSeMil$bita 100 1 $aPorreca, Agostino,$d<1979- >.$0(OLS)http://semarc/name/110575 245 10$aCome ad amici (DV2) :$blezioni di teologia fondamentale /$cAgostino Porreca. 264 1$aRoma :$bAracne,$c2014. 300 $a282 p. ;$c24 cm. 650 4$aTeologia fondamentale.$0(OLS)http://semarc/subject/235 650 4$aTeologia fondamentale - Corsi e dispense.$0(OLS)http://semarc/subject/40233 830 0$aA15 : Scienze teologico-religiose.$0(OLS)http://semarc/title/17209 850 $aSeMil 852 $aSeMil$W1$xVenegono$y1$m2D VI 52$j217386$B229501$CSeMilBibl$Z2$F229501 $81 996 $6020$a978-88-548-7234-9$9(OLS)http://semarc/number/289299 996 $6245$aCome ad amici (DV2) :$blezioni di teologia fondamentale$9(OLS)http://semarc/title/427082 996 $6264$aRoma :$bAracne$9(OLS)http://semarc/publisher/33569 LEADER 01027nam a2200241 i 4500 001 000000092268 003 CaOOAMICUS 005 20160419000000.0 008 160419n it u000 u ita u 013 $a64510 040 $aSeMil$bita 100 1 $aRipamonti, Bruno.$0(OLS)http://semarc/name/20059 245 10$aBrevi note di politica economica, computisteria e tecnica bancaria /$cBruno Ripamonti. 260 $a[S.l. :$bs.n.],$c[19-?] 300 $a58 p. ;$c22 cm. 500 $aDattiloscritto. - In copertina : Agape 75. 650 4$aDispense scolastiche.$0(OLS)http://semarc/subject/526 650 4$aPolitica economica.$0(OLS)http://semarc/subject/2326 650 4$aOperazioni bancarie.$0(OLS)http://semarc/subject/16721 850 $aSeMil 852 $aSeMil$W1$xVenegono$y1$m5D XI 14/49$j55162$B55162$CSeMilBibl$Z2$F59869 $81 996 $6245$aBrevi note di politica economica, computisteria e tecnica bancaria$9(OLS)http://semarc/title/138414 996 $6260$a[S.l. :$bs.n.]$9(OLS)http://semarc/publisher/29751